Normal view
MARC view
Entry Personal Name
001 - CONTROL NUMBER
- control field: 19324
003 - CONTROL NUMBER IDENTIFIER
- control field: ARRUPE
005 - DATE AND TIME OF LATEST TRANSACTION
- control field: 20150904141627.0
008 - FIXED-LENGTH DATA ELEMENTS
- fixed length control field: 150904|| aca||aabn | a|a d
040 ## - CATALOGING SOURCE
- Original cataloging agency: ARRUPE
- Transcribing agency: ARRUPE
100 ## - HEADING--PERSONAL NAME
- Personal name: Lough, John,
- Relator term: editor.
670 ## - SOURCE DATA FOUND
- Source citation: Work cat.: (ARRUPE)0: The Encyclopédie of Diderot and D'Alembert;, 1969.